00612nam a22001937a 450000500170000001000150001702000280003203500140006003700090007408200120008310000210009524500940011626000630021027000440027330000230031750000250034065000120036570000410037720240604124340.0 aENG-140568 c2,250.00a9788181715715 aEN-124100 aDBAD a591.954 aChandra, Kailash aFaunal Diversity of Biogeographical Zones of India: Semi Arid/cKailash Chandra...(et.al) aKolkatabDirector, Zoological Survey of IndiacApril, 2021 aM-Block, New Alipore, bKolkatae700053 a256p. c30 cm (hb) aIt is about zoology. aZoology aDirector Zoological Survery of India